Remigiusz Mróz - Statystyki

Ogólne statystyki
  • Ten quiz został rozwiązany 84 razy
  • Średni wynik to 17 z 38
Statystyki odpowiedzi
Seria Odpowiedź % Poprawnych
Seria Joanna Chyłka Kasacja
86%
Zaginięcie
75%
Seria z Geraldem Edlingiem Behawiorysta
72%
Rewizja
63%
Immunitet
62%
Seria z Sewerynem Zaorskim Listy zza grobu
60%
Inwigilacja
58%
Trawers
58%
Przewieszenie
55%
Testament
55%
Wyrok
55%
Oskarżenie
54%
Iluzjonista
52%
Kontratyp
52%
Nieodgadniona
52%
Seria z Damianem Wernerem Nieodnaleziona
52%
Seria z Wiktorem Forstem Ekspozycja
51%
Zerwa
49%
Czarna Madonna
48%
Głosy z zaświatów
48%
Deniwelacja
46%
W kręgach władzy Wotum nieufności
43%
Umorzenie
42%
Inne: Hashtag
35%
Władza absolutna
32%
Turkusowe szale
31%
Trylogia z Wysp Owczych Enklawa
28%
Połów
28%
Parabellum Prędkość ucieczki
26%
Większość bezwzględna
26%
Wieża milczenia
26%
Prom
25%
Horyzont zdarzeń
20%
Świt, który nie nadejdzie
20%
W cieniu prawa
20%
Głębia osobliwości
15%
Chór zapomnianych głosów
14%
O pisaniu na chłodno
14%
Nie znaleziono quizów pasujących do podanych kryteriów
Rozkład punktacji
Procent ludzi z każdym wynikiem
Percentyl według liczby udzielonych odpowiedzi
Twoja historia wyników
Nie rozwiązałeś tego quizu